000 00964nam a2200265 a 4500
001 68253
003 BD-RjUL
005 20211209081740.0
008 170401s1985 bg a b f000 0 eng
020 _a0907108687 :
_cTk50.00 ($5.50 U.S.)
035 _a(BD-RjUL)68463
040 _aDLC
_cDLC
_dBD-RjUL
_beng
041 _aeng
082 0 0 _a333.913095492
_223
_bHOW 1985
100 1 _aHowes, Michael.
_9202341
245 1 0 _aWhose water? :
_ban investigation of the consequences of alternative approaches to small scale irrigation in Bangladesh /
_cMichael Howes.
260 _aDhaka, Bangladesh :
_bBangladesh Institue of Development Studies,
_c1985.
300 _axiv, 135 p. :
_bill. ;
_c23 cm.
504 _aIncludes bibliography
650 0 _aIrrigation
_zBangladesh.
_9116708
650 0 _aIrrigation
_xSocial aspects
_zBangladesh.
_9202342
650 0 _aIrrigation
_xGovernment policy
_zBangladesh.
_9202343
942 _2ddc
_cBK
999 _c68253
_d68253